ENGINEERING PHYSICS (Record no. 10055)
[ view plain ]
| 000 -LEADER | |
|---|---|
| fixed length control field | 00302nam a22001457a 4500 |
| 003 - CONTROL NUMBER IDENTIFIER | |
| control field | SGT |
| 082 ## - DEWEY DECIMAL CLASSIFICATION NUMBER | |
| Classification number | 530 PRA |
| 100 ## - MAIN ENTRY--PERSONAL NAME | |
| Personal name | PRAKASH,SATYA |
| 245 ## - TITLE STATEMENT | |
| Title | ENGINEERING PHYSICS |
| 250 ## - EDITION STATEMENT | |
| Edition statement | 12TH |
| 260 ## - PUBLICATION, DISTRIBUTION, ETC. (IMPRINT) | |
| Place of publication, distribution, etc | MEERUT |
| Name of publisher, distributor, etc | PRAGATI PRAKASHAN |
| Year of Publication | 2012 |
| 300 ## - PAGE DESCRIPTION | |
| No. of Pages | 364 |
| 650 ## - SUBJECT ADDED ENTRY--TOPICAL TERM | |
| Topical term or geographic name as entry element | PHYSICS |
| 942 ## - ADDED ENTRY ELEMENTS (KOHA) | |
| Source of classification or shelving scheme | Dewey Decimal Classification |
| Koha item type | FPS Books |
| 942 ## - ADDED ENTRY ELEMENTS (KOHA) | |
| -- | 3 |
| Withdrawn status | Lost status | Source of classification or shelving scheme | Damaged status | Not for loan | Collection code | Home library | Current library | Shelving location | Date acquired | Vendor Name | Cost, normal purchase price | Volume Information (Serial or Books or Non-Book Material) | SGTU | Bill Number | Total Checkouts | Full call number | Accession No. (Barcode) | Date last seen | Date last borrowed | Bill Date | Koha item type |
|---|---|---|---|---|---|---|---|---|---|---|---|---|---|---|---|---|---|---|---|---|---|
| Dewey Decimal Classification | SCIENCE | SGT Science & Social Sciences Library | SGT Science & Social Sciences Library | Text Book | 26/11/2016 | PRAGATI PRAKASHAN | 235.00 | 1 | SGTU | 7099 | 6 | 530 PRA | PS2848 | 30/09/2023 | 12/09/2023 | 26/09/2016 | FPS Books | ||||
| Dewey Decimal Classification | SCIENCE | SGT Science & Social Sciences Library | SGT Science & Social Sciences Library | Text Book | 26/11/2016 | PRAGATI PRAKASHAN | 235.00 | 1 | SGTU | 7099 | 8 | 530 PRA | PS2849 | 23/09/2023 | 12/09/2023 | 26/09/2016 | FPS Books | ||||
| Dewey Decimal Classification | SCIENCE | SGT Science & Social Sciences Library | SGT Science & Social Sciences Library | Text Book | 26/11/2016 | PRAGATI PRAKASHAN | 235.00 | 1 | SGTU | 7099 | 8 | 530 PRA | PS2850 | 19/09/2022 | 06/09/2022 | 26/09/2016 | FPS Books |